The merrie tales of Jacques Tournebroche ; and, Child life in town and country /

Salvato in:
Dettagli Bibliografici
Autore principale: 1844-1924. France, Anatole
Natura: Libro
Lingua:English
French
Pubblicazione: London : John Lane, 1924.
LEADER 00861nam a2200217ra 4500
001 c000123560
003 CARM
005 00000000000000.0
008 s1924 enk 00000 eng d
019 1 |a 8735653  |z 40841353  |5 LACONCORD2021 
035 |a (OCoLC)220985131  |5 LACONCORD2021 
041 1 |a eng  |h fre 
082 0 4 |a 843.9 
100 1 |d 1844-1924.  |a France, Anatole, 
245 1 4 |a The merrie tales of Jacques Tournebroche ; and, Child life in town and country /  |c by Anatole France ; a translation by Alfred Allinson. 
260 |a London :  |b John Lane,  |c 1924. 
300 |a 230 p. 
740 0 1 |a Child life in town and country. 
852 8 |b CARM  |h A2:AI06G0  |i A02103  |p 0139346  |f BK 
999 f f |i 9781dd59-445b-5749-8000-5e7298986d83  |s 4b7ba7d2-75f9-5324-89e2-ef9a9cc0f619 
952 f f |p Can circulate  |a CAVAL  |b CAVAL  |c CAVAL  |d CARM 1 Store  |e A02103  |f A2:AI06G0  |h Other scheme  |i book  |m 0139346